000 00591nam a2200205 i 4500
001 135084
003 ES-MaACL
005 20230906194813.0
007 t|
008 070709s1971 sp ||||1| spa d
080 _a294.321
080 _a796.85
100 1 _aThomas, Raymond.
_9110044
245 1 0 _aRelación práctica del Zen al Budo /
_cRaymond Thomas ; adaptación J.S. Comas ; dibujos del propio autor.
260 _aBarcelona :
_bAlas,
_c[1971]
300 _a77 p. ;
_c19 cm.
700 1 _aComas, J. S.
_9220106
852 _aES-MaACL
_jC-45959
_bR.79648
999 _c135084
_d135084